000 00603nam a2200241Ia 4500
003 OSt
005 20221007103638.0
006 a|||||r|||| 00| 0
007 ta
008 221006b |||||||| |||| 00| 0 eng d
024 _a13,663
037 _cTextual
040 _aLCO
_cLCO
_beng
041 _2eng
_aeng
082 _aZ2,94, L8
100 _aCurzon L.B.
_9699163
245 0 _aLaw of Evidence
260 _aManchester
_bMacdonald and Evans Ltd. U.K.
_c1978
300 _a256
650 _aEVIDENCE
942 _hZ2,94, L8
_cTEXL
999 _c1183226
_d1183226